[Event "Tatra Limba Master 2022"]
[Site "Poronin"]
[Date "2022.01.09"]
[Round "6.1"]
[White "Golubka, Petro"]
[Black "Zylka, Stanislaw"]
[Result "1/2-1/2"]
[WhiteElo "2408"]
[BlackElo "2406"]
[Annotator "TA"]
[PlyCount "118"]
[EventDate "2022.01.07"]
[EventType "swiss"]
[EventCountry "POL"]
[SourceTitle "playchess.com"]
[Source "ChessBase"]
[SourceQuality "1"]

{[%evp 10,118,37,32,30,32,31,-5,-12,-19,-12,-12,-7,-18,-12,-12,-7,-6,-8,-12,-13,-13,0,0,0,-17,-16,-29,0,-36,-38,-29,0,0,20,-14,-9,-59,-10,-51,-35,-68,-75,-84,-44,-84,-113,-99,-93,-122,-113,-114,-119,-120,-44,-49,-46,-35,-31,-50,-48,-62,-54,-59,-36,-69,-76,-70,-70,-70,-83,-72,-75,-108,-68,-109,-86,-90,-89,-95,-93,-102,-47,-58,-25,-56,-50,-35,-32,-69,-26,-40,-8,-8,-8,-8,0,0,0,0,0,0,0,0,0,0,0,0,0,0,0]} 1. e4 d5 2. exd5 Qxd5 3. Nc3 Qa5 4. Nf3 Nf6 5. Bc4 Bf5 6. d3 c6 {B01: Scandinavian Defence.} 7. Bd2 {[%cal Oc3d5]} Qc7 8. Ng5 e6 9. Qe2 {[#]} Nbd7 $146 ({Predecessor:} 9... h6 10. Nf3 Nbd7 11. O-O-O O-O-O 12. Nd4 Bg6 13. Bxe6 Re8 14. Bxd7+ Qxd7 15. Qf1 Qxd4 {0-1 (45) Masci,S-Betzler,B Singapore 2008}) 10. a4 Bb4 11. Nce4 Bxd2+ 12. Nxd2 O-O 13. O-O a5 14. Rfe1 b5 15. Bb3 Nc5 16. Qe3 Qb6 17. axb5 cxb5 18. h3 Qc6 19. Rec1 a4 20. Ba2 Rac8 21. Ndf3 Qb7 {Threatens to win with ...h6.} 22. Nd4 Bg6 23. b4 ({Better is} 23. Ngf3 $11) 23... axb3 (23... Ncd7 $15) 24. Bxb3 (24. Nxb3 $11 {is superior.} Na4 25. Nd4) 24... Nxb3 $15 25. Nxb3 Nd5 26. Qd2 Rfd8 27. f3 Qb6+ 28. Kh1 Qe3 (28... e5 {seems wilder.} 29. Re1 f6 30. Ne4 f5 31. Nf2 Qc7) 29. Rab1 {[#]} Qxd2 $1 30. Nxd2 Nc3 31. Rb2 Ne2 ({Black should play} 31... h6 $17 32. Nge4 Nxe4 33. Nxe4 {[#]} Rxd3 $1 34. cxd3 Rxc1+ 35. Kh2 f5) 32. Ra1 $1 Nd4 33. Raa2 e5 34. Nge4 f5 35. Ng3 Bf7 $36 {[%mdl 2048] Black is more active.} 36. c4 $1 g6 {[%cal Rb5c4]} 37. Kh2 bxc4 38. Nxc4 Bxc4 39. dxc4 Rxc4 40. Ne2 Rd7 41. Kg3 Kf7 42. Kf2 (42. Rd2 $15) 42... Ne6 43. Rb5 Nc5 44. g3 Ke6 45. h4 h6 (45... Nd3+ $17 46. Kg2 Rb4 47. Rxb4 Nxb4) 46. Kg2 g5 (46... Rb7 {is interesting.} 47. Ra6+ Nxa6 48. Rxb7 Rb4 49. Ra7 Nc5) 47. hxg5 hxg5 48. f4 exf4 (48... gxf4 {feels hotter.} 49. gxf4 e4 50. Kf2 Rd6 51. Ng3 Rc6) 49. gxf4 gxf4 (49... g4 $1 $15 50. Ng3 Rd6) 50. Nxf4+ $11 Rxf4 (50... Kd6 {with more complications.} 51. Kf3 Kc6 52. Rb8 Rdd4 53. Ne2 Rd3+) 51. Rxc5 $15 {[%mdl 4096] Endgame KRR-KRR. The position is equal.} Rg7+ 52. Kh1 $1 Rh4+ 53. Rh2 Rxh2+ 54. Kxh2 $11 {KR-KR} f4 55. Ra5 f3 56. Ra3 f2 57. Re3+ $1 Kd5 58. Rf3 Ke4 59. Rxf2 Ke3 {Weighted Error Value: White=0.10 (very precise) /Black=0.12 (very precise)} 1/2-1/2

[Event "Tatra Limba Master 2022"]
[Site "Poronin"]
[Date "2022.01.09"]
[Round "6.2"]
[White "Pniaczek, Marek"]
[Black "Ustianovich, Nazar"]
[Result "1/2-1/2"]
[WhiteElo "2329"]
[BlackElo "2344"]
[Annotator "TA"]
[PlyCount "47"]
[EventDate "2022.01.07"]
[EventType "swiss"]
[EventCountry "POL"]
[SourceTitle "playchess.com"]
[Source "ChessBase"]
[SourceQuality "1"]

{[%evp 19,47,37,45,36,48,31,49,56,56,51,50,48,57,30,46,39,63,12,13,16,20,6,6,7,20,-18,-21,-33,-28,-842]} 1. e4 c5 2. Nf3 g6 3. d4 cxd4 4. Nxd4 Nc6 5. c4 Nf6 6. Nc3 d6 7. Be2 Nxd4 8. Qxd4 Bg7 9. O-O O-O 10. Qd3 Bd7 {Recently 10...a5 got a lot of attention.} 11. Rd1 {B36: Sicilian: Maroczy Bind: Gurgenidze System.} Bc6 12. Be3 a5 {[#]} 13. b3 $146 {White is slightly better.} ({Predecessor:} 13. Bd4 Nd7 14. Bxg7 Kxg7 15. Qd4+ Kg8 16. Bg4 a4 17. Bxd7 Qxd7 18. Rac1 Ra5 19. b3 axb3 20. axb3 {½-½ (68) Neumann,K-Meyer,K GER corr 1996}) 13... Nd7 {[%cal Bf6d7,Bd7c5,Bc5e6,Be6d4][%mdl 32]} 14. Qc2 Qc7 15. Rac1 Rfc8 16. Bg4 {[%cal Oc4c5]} e6 17. Be2 Nc5 18. Bd4 (18. Nb5 $14 Bxb5 19. cxb5) 18... Bxd4 $11 19. Rxd4 Rd8 20. Rcd1 e5 21. R4d2 Ne6 22. Rd3 b5 23. R3d2 ({Much weaker is} 23. cxb5 {[#]} Bxe4 $1 {[%mdl 512]} 24. Qd2 Bxd3 $17) 23... Nd4 24. Bg4 $2 {[%mdl 40960] Weighted Error Value: White=0.16 (very precise) /Black=0.06 (flawless) . An unexpected result.} 1/2-1/2

[Event "Tatra Limba Master 2022"]
[Site "Poronin"]
[Date "2022.01.09"]
[Round "6.3"]
[White "Kowalczyk, Pawel"]
[Black "Walkusz, Witoslaw"]
[Result "1-0"]
[WhiteElo "2338"]
[BlackElo "2024"]
[Annotator "TA"]
[PlyCount "83"]
[EventDate "2022.01.07"]
[EventType "swiss"]
[EventCountry "POL"]
[SourceTitle "playchess.com"]
[Source "ChessBase"]
[SourceQuality "1"]

{[%evp 20,83,9,13,6,0,22,-18,1,-50,-30,-24,99,95,91,71,86,92,91,88,135,138,133,126,136,141,147,137,210,205,206,214,389,387,399,385,399,399,391,391,391,359,337,293,433,433,433,431,419,420,412,381,400,391,457,453,451,451,6334,6334,6067,6067,6334,6334,6094,1567]} 1. d4 Nf6 2. c4 g6 3. g3 Bg7 4. Bg2 d5 5. cxd5 Nxd5 6. e4 Nb6 7. Ne2 c5 8. d5 O-O 9. O-O e6 10. Nbc3 exd5 11. exd5 Re8 {D72: Fianchetto Grünfeld: 5 cxd5 Nxd5 6 e4 Nb6 (without Nf3).} 12. h3 Na6 13. Re1 Nc4 {[#] The position is equal.} 14. Qb3 $146 ({White should play} 14. g4 $11) ({Predecessor:} 14. a3 h5 15. Ne4 Bxh3 16. Bxh3 Rxe4 17. Qc2 Nd6 18. Bf4 Re8 19. Nc3 Qf6 20. Qa4 {1-0 (36) Ilincic,Z (2470)-Boros,D (2443) Budapest 2005}) 14... Nd6 15. Bf4 Nb4 (15... Bf5 $11) 16. Bxd6 $16 {Black is on the road to losing.} Qxd6 17. a3 $1 Na6 (17... Nd3 $2 18. Nb5 Qb6 19. Qxd3 $18) 18. Nf4 $1 Nc7 19. Ne4 $1 Qb6 (19... Rxe4 $142 20. Rxe4 (20. Bxe4 Rb8 $16) 20... b6) 20. Qxb6 axb6 21. d6 $36 {[%cal Bd5d6,Bd6d7][%mdl 2080] White is really pushing.} Ne6 22. Nd5 Rd8 23. Nxb6 {White is much more active. Pair of Knights!} Ra6 (23... Ra5 $16 24. Rad1 Bd7) 24. Nxc8 $18 Rxc8 {[#]} 25. d7 $1 Rd8 {[#]} (25... Rf8 {is a better defense.} 26. Rad1 Bd4) 26. Nxc5 $1 {[%mdl 512]} Bxb2 {[#]} (26... Kf8 27. Nxa6) 27. Rad1 Bxa3 28. Nxb7 ({Don't play} 28. Nxa6 bxa6 29. Bf1 Bb4) 28... Be7 29. Nxd8 Bxd8 30. Ra1 Rd6 31. Red1 Rxd1+ (31... Nd4 {was worth a try.} 32. Bc6 Kf8) 32. Rxd1 {[%mdl 4096] Endgame KRB-KBN} Kf8 33. Bd5 Nc5 34. Bc4 Ke7 35. Re1+ Kxd7 36. Bxf7 g5 37. Kg2 {White is clearly winning.} Bf6 38. Kf3 Nd3 (38... Kd6 $142 39. Kg4 Bd8) 39. Rd1 Ke7 40. Rxd3 Kxf7 41. Rd6 Kg6 42. Ke4 {Weighted Error Value: White=0.08 (flawless) /Black=0.35} (42. g4 $142 Kg7 43. Ke4) 1-0

[Event "Tatra Limba Master 2022"]
[Site "Poronin"]
[Date "2022.01.09"]
[Round "6.4"]
[White "Zielonka, Adam"]
[Black "Bartoszczuk, Adam"]
[Result "1/2-1/2"]
[WhiteElo "1862"]
[BlackElo "1380"]
[Annotator "NA RC"]
[PlyCount "41"]
[EventDate "2022.01.07"]
[EventType "swiss"]
[EventCountry "POL"]
[SourceTitle "playchess.com"]
[Source "ChessBase"]
[SourceQuality "1"]
[TimeControl "5400+30"]

1. c4 {[%emt 0:00:02]} g6 {[%emt 0:00:08]} 2. Nc3 {[%emt 0:00:30]} Bg7 {[%emt 0:00:22]} 3. g3 {[%emt 0:00:06]} e5 {[%emt 0:00:40]} 4. Bg2 {[%emt 0:00:04]} d6 {[%emt 0:00:12]} 5. e3 {[%emt 0:00:46]} Ne7 {[%emt 0:00:10]} 6. Nge2 {[%emt 0:00:04]} O-O {[%emt 0:01:09]} 7. O-O {[%emt 0:00:05]} f5 $14 {[%emt 0:03:21]} 8. d4 {[%emt 0:00:23]} e4 {[%emt 0:07:02]} 9. b4 {[%emt 0:03:47]} c6 {[%emt 0:11:13]} 10. Qb3 {[%emt 0:13:24]} Kh8 {[%emt 0:01:37]} 11. Bb2 {[%emt 0:06:16]} Be6 {[%emt 0:05:13]} 12. a4 {[%emt 0:01:27]} Nd7 {[%emt 0:04:58]} 13. Rfd1 {[%emt 0:02:35]} Bf7 {[%emt 0:02:21]} 14. a5 {[%emt 0:05:18]} a6 {[%emt 0:04:43]} 15. d5 {[%emt 0:12:13]} Ne5 {[%emt 0:06:13]} 16. Na4 {[%emt 0:00:31]} Qc7 {[%emt 0:04:31]} 17. Nb6 {[%emt 0:03:31]} Rad8 {[%emt 0:00:40]} 18. Rac1 {[%emt 0:07:18]} Nc8 {[%emt 0:02:41]} 19. Nxc8 {[%emt 0:06:05]} Rxc8 {[%emt 0:00:40]} 20. h4 {[%emt 0:04:54]} Kg8 {[%emt 0:02:36]} 21. Nf4 1/2-1/2

[Event "Tatra Limba Master 2022"]
[Site "Poronin"]
[Date "2022.01.09"]
[Round "6.5"]
[White "Mirski, Michal"]
[Black "Starosciak, Szymon"]
[Result "0-1"]
[WhiteElo "2039"]
[BlackElo "1986"]
[Annotator "TA"]
[PlyCount "112"]
[EventDate "2022.01.07"]
[EventType "swiss"]
[EventCountry "POL"]
[SourceTitle "playchess.com"]
[Source "ChessBase"]
[SourceQuality "1"]

{[%evp 9,112,-2,0,-16,-4,-24,14,0,0,0,0,-42,-29,-39,-31,-128,-128,-122,-131,-201,-194,-191,-193,-186,-182,-162,-162,-175,-169,-275,-292,-291,-272,-386,-386,-372,-359,-329,-150,-389,-378,-379,-370,-372,-291,-502,-316,-304,-96,-51,-55,-54,0,0,0,-293,-275,-289,-262,-400,10,-209,-183,-194,134,0,63,-29,-30,-30,-36,-168,-70,-1070,-1034,-1058,-1041,-1006,-570,-926,101,-718,-711,-678,-581,-29987,-984,-29982,-29983,-29983,-29984,-29984,-29983,-29989,-29990,-29990,-29991,-29991,-29992,-29992,-29993,-29996,-29994,-29995,-29984]} 1. e4 c5 2. Nc3 Nc6 3. f4 e6 4. Nf3 Nge7 {[%cal Bg8e7,Be7c6,Bc6b4][%mdl 32]} 5. Bb5 Nd4 6. Nxd4 {B23: Closed Sicilian: Lines without g3.} cxd4 7. Ne2 Qb6 8. Bd3 {The position is equal.} d5 9. e5 {[#]} Nc6 $146 {[%cal Og7g5]} ({Predecessor:} 9... h5 10. b3 Bd7 11. a4 Nc6 12. O-O Rc8 13. Kh1 Nb4 14. Rf3 a5 15. Bb2 Bc5 {0-1 (56) Kraljevic,I (2065)-Nikac,P (2348) Cetinje 2008}) 10. Ng3 (10. b3 $11) 10... Nb4 11. O-O g6 12. Qe2 {[#]} ({Better is} 12. b3 $15) 12... Nxc2 $1 $17 {[%mdl 512]} 13. Rb1 Nb4 14. a3 (14. a4 $17) 14... Nxd3 $19 15. Qxd3 Bd7 16. Re1 Bb5 17. Qf3 d3+ 18. Kh1 h5 $36 {[%cal Bh7h5,Bh5h4,Bh4h3][%mdl 2080] ...h4 is the strong threat. Black has strong initiative.} 19. b4 (19. Nf1 {is a better defense.}) 19... h4 20. Nf1 h3 21. g3 (21. Bb2 {might work better.}) 21... Be7 22. Bb2 Rc8 23. Rbc1 Bc6 (23... Rc2 $19 24. Rxc2 dxc2) 24. b5 $2 (24. Qxd3 $17 {was the only chance.} d4+ 25. Kg1) 24... Qxb5 25. Bd4 Bxa3 26. Rc3 Qa4 27. Rxd3 (27. Qxd3 {was worth a try.} Bb4 28. Rcc1) 27... Be7 28. Qf2 O-O $2 (28... a5 $19 {has better winning chances.} 29. Ne3 Bb5) 29. g4 $17 Bb5 30. Rxh3 Rc4 (30... Qc2 $15) 31. g5 $1 $11 Bxg5 (31... Rxd4 $2 32. Qh4 Bxf1 33. Qh8#) 32. Ra1 $2 {[%mdl 8192]} Qc2 $19 {aiming for ...Qe4+.} 33. Ng3 {Inhibits Qe4+.} Be7 34. f5 (34. Qe3 $142 Rxd4 35. Qxd4) 34... exf5 $2 (34... Qd3 $1 $19 {[%cal Rd3d4]} 35. f6 Qxd4 36. Qxd4 Rxd4 37. fxe7 Re8) 35. Qe3 {[#]} (35. e6 $1 $11 fxe6 36. Qe3 Rxd4 37. Qxe6+ Rf7 38. Qxg6+ Rg7 39. Qe6+ Rf7 40. Qg6+ Rg7 41. Qe6+ Rf7 42. Qg6+) 35... Rxd4 $1 36. Qxd4 f4 $2 {[#]} (36... Qc5 $2 37. Qf4 (37. Nxf5 Qxd4 38. Nxd4 Bd7 $11) 37... Qc4 38. Qh6 $18) (36... g5 $1 $19 {And now ...Bc5 would win.} 37. e6 f6) 37. Qxf4 ({White must play} 37. e6 $1 $16 {[%csl Gd4][%cal Rh3h8]} f6 (37... fxe6 38. Rh8+) 38. Qxf4) 37... g5 {[#]} ({Black should play} 37... Qd3 $11) 38. Qf5 (38. Nf5 $1 $14 Bd8 39. Rg3 Qe4+ 40. Qxe4 dxe4 41. Rxa7) 38... Bd3 $11 {Dancing on a razor blade. A strong pair of Bishops.} 39. Qg4 Bg6 40. Qe2 {White is on the road to losing.} (40. Rh6 $15) 40... b5 (40... Qc4 $19 {Threatens to win with ...Be4+.} 41. Qe3 (41. Qxc4 $2 dxc4 42. Rxa7 Rb8 $19) 41... Qg4) 41. Rxa7 $2 {[%mdl 8192]} (41. e6 $15) 41... Qc1+ $19 42. Kg2 Bc5 43. Rc7 Qg1+ 44. Kf3 f5 $2 {[#]} (44... Bc2 $19 45. Rh5 Bd1 46. Rxg5+ Kh7 47. Qxd1 Qxd1+ 48. Kf4 Qxd2+ 49. Kg4 Be3) 45. Rxc5 $1 {[%mdl 8704]} f4 46. Rc8 Rxc8 47. Qxb5 Be4+ (47... fxg3 $142 48. Qxd5+ Bf7 49. Qe4 Qh1+ 50. Ke3 Qe1+ 51. Kd3 Qf1+ 52. Ke3 Qf2+ 53. Kd3 Rd8+ 54. Kc2 Qxd2+ 55. Kb1 Rb8+ 56. Qb7 Rxb7+ 57. Ka1 Qe1#) 48. Kg4 fxg3 {Black mates.} ({Inferior is} 48... Qg2 49. Qd7 Rf8 50. Qe6+ Rf7 51. Kxg5 fxg3 52. Qe8+ Rf8 53. Rh8+ Kxh8 54. Qxf8+ Kh7 55. Qf7+ Kh8 56. Qf8+ Kh7 57. Qf7+ Kh8 58. Qf8+ $11) 49. Qd7 gxh2+ 50. Kh5 Rf8 51. Qe6+ Rf7 52. Kh6 h1=Q 53. Qe8+ Rf8 54. Qe6+ Kh8 55. Qd7 {[#]} Qxh3+ $3 56. Qxh3 Qh1 {Weighted Error Value: White=0.97/Black=0.65} 0-1

[Event "Tatra Limba Master 2022"]
[Site "Poronin"]
[Date "2022.01.09"]
[Round "6.6"]
[White "Gajdzica, Maciej"]
[Black "Rejniak, Zuzanna"]
[Result "0-1"]
[WhiteElo "1960"]
[BlackElo "1799"]
[Annotator "TA"]
[PlyCount "89"]
[EventDate "2022.01.07"]
[EventType "swiss"]
[EventCountry "POL"]
[SourceTitle "playchess.com"]
[Source "ChessBase"]
[SourceQuality "1"]

{[%evp 11,89,39,35,24,46,25,45,38,73,86,71,17,12,-15,0,-17,-9,-86,-64,-124,-146,-97,-112,-168,-153,-388,-350,-382,-389,-378,-369,-389,-387,-373,-365,-465,-468,-447,-437,-457,-466,-463,-444,-661,-650,-700,-699,-693,-685,-680,-678,-5052,-5052,-29966,-29967,-29964,-29967,-29969,-29969,-29971,-29972,-29969,-29964,-29971,-29971,-29979,-29979,-29984,-29985,-29987,-29985,-29985,-29984,-29984,-29985,-29985,-29975,-29937,-5126,-5120]} 1. e4 c5 2. Nf3 d6 3. Bb5+ Nd7 4. O-O Ngf6 5. Re1 a6 6. Bf1 e6 7. c3 {B51: Sicilian: Moscow Variation (3 Bb5+) without 3...Bd7.} Be7 8. a4 O-O 9. d4 {[#] White is slightly better.} d5 $146 {[#]} ({Predecessor:} 9... b6 10. Na3 Bb7 11. Bd3 Qc7 12. h3 Rfe8 13. Be3 Nxe4 14. Bf4 Nef6 15. dxc5 Nxc5 {0-1 (44) Petrova,I (2141)-Tsydypov,Z (2526) Chess.com INT 2021}) 10. e5 Ne4 11. Nfd2 (11. Bd3 $16) 11... f5 $11 12. f3 Nxd2 13. Nxd2 f4 14. c4 (14. Bd3 $11 {keeps the balance.}) 14... Bh4 $17 ({Don't play} 14... cxd4 $6 15. cxd5 exd5 16. Nb3 $11) 15. dxc5 (15. b4 $1 $15) 15... Bxe1 {Black is more active.} 16. Qxe1 Nxc5 {[%cal Bd7c5,Bc5d3,Bd3e1][%mdl 32]} 17. b4 (17. a5 $17) 17... dxc4 $19 18. Nxc4 $2 {White does not recover from this.} (18. Bb2 $17 Nd3 19. Bxd3 cxd3 20. Ne4) 18... Qd4+ 19. Be3 fxe3 20. Rd1 {[#]} Nd3 $1 21. Nxe3 Nxe1 22. Rxd4 b5 ({Avoid the trap} 22... Rxf3 $2 23. Rd8+ Rf8 24. Rd1 $19) 23. Kf2 {[#]} Nxf3 24. gxf3 Bb7 25. f4 bxa4 {White must now prevent ...Rad8.} 26. Bc4 Kh8 27. Kg3 (27. f5 $142 exf5 28. e6) 27... g5 28. Bxe6 gxf4+ 29. Rxf4 Rxf4 30. Kxf4 {[%mdl 4096] Endgame KRB-KBN} Rf8+ 31. Nf5 Bc8 32. Bxc8 Rxc8 {KR-KN} 33. Nd6 {[#]} a3 $1 {[%mdl 512]} 34. Nxc8 {KN-K3P} (34. Nf7+ Kg8) 34... a2 35. Kf5 a1=Q 36. Nd6 Qa2 37. Kf6 Qxh2 38. Nf5 Qb2 39. Ne7 Qxb4 40. e6 a5 {[%cal Ba6a5,Ba5a4,Ba4a3][%mdl 32]} 41. Nf5 Qf8+ 42. Ke5 a4 43. e7 Qxe7+ 44. Nxe7 {[#]} a3 $1 {( -> ...a2)} 45. Kd4 {Weighted Error Value: White=0.66/Black=0.03 (flawless)} 0-1

[Event "Tatra Limba Master 2022"]
[Site "Poronin"]
[Date "2022.01.09"]
[Round "6.7"]
[White "Liskiewicz, Jakub"]
[Black "Smietanska, Wiktoria"]
[Result "1-0"]
[WhiteElo "1598"]
[BlackElo "1910"]
[Annotator "TA"]
[PlyCount "103"]
[EventDate "2022.01.07"]
[EventType "swiss"]
[EventCountry "POL"]
[SourceTitle "playchess.com"]
[Source "ChessBase"]
[SourceQuality "1"]

{[%evp 17,103,-2,54,58,29,0,66,79,148,110,132,114,123,118,107,63,133,111,121,123,158,168,181,141,170,177,212,138,104,12,126,120,161,130,139,132,146,135,131,11,42,32,39,39,48,40,47,40,54,25,86,82,90,90,80,0,200,197,184,110,139,130,150,96,112,60,125,122,386,380,459,458,1135,1040,1356,964,1057,907,5948,5793,5014,5014,29986,29987,29987,29988,29987,29985]} 1. d4 Nf6 2. c4 g6 3. Nc3 Bg7 4. e4 d6 5. Nf3 O-O 6. Be2 e5 7. O-O Nc6 8. dxe5 dxe5 9. Bg5 Be6 (9... Bg4 $11) 10. Nd5 $14 {E97: King's Indian: Classical Main Line (6...e5 7 0-0 Nc6): 8 Be3 and 8 d5 Ne7, not 9 Ne1.} Re8 11. Qa4 Bxd5 (11... h6 $11 12. Nxf6+ Bxf6 13. Bxh6 g5) 12. cxd5 {[#] White is slightly better.} Nb8 $146 ({Black should play} 12... Nd4 13. Bb5 (13. Nxd4 exd4 14. Bd3 Qd6 $14) 13... Nxf3+ 14. gxf3 Re7) ({Predecessor:} 12... Nd4 13. Nxd4 exd4 14. Bd3 h6 15. Bxf6 Qxf6 16. Rac1 Qb6 17. b3 g5 18. Qd7 Be5 19. g3 Rad8 20. Qf5 c6 21. dxc6 {1-0 (21) Chylewski,P (2330)-Rakhimgaliyev,Y (2279) Chess.com INT 2020}) 13. Bb5 Re7 14. Rfd1 h6 15. Be3 {A strong pair of Bishops.} Ne8 16. Bxe8 (16. Be2 $16) 16... Rxe8 (16... Qxe8 $14 17. Qb3 b6) 17. Qb5 b6 18. Rac1 {[%cal Oc1c7]} Re7 19. h4 {White is much more active.} Rd7 20. Rd2 f5 21. Rdc2 fxe4 22. Nd2 ({Much less strong is} 22. d6 $6 c6 23. Qc4+ Rf7 $16) 22... Rxd5 23. Qc4 (23. Qb3 $16) 23... c6 (23... c5 $1 $11) 24. Qxe4 $16 ({Don't take} 24. Nxe4 b5 25. Qb3 a5 $14) 24... Rd6 (24... Qd6 $16) 25. Nc4 {[%mdl 1024] White has strong compensation.} Re6 {[#]} 26. Rd2 $1 Qf6 {[#]} 27. Rcd1 $1 {aiming for Rd8+.} Na6 28. Rd7 ({Better is} 28. Nd6 $16) 28... Qf5 (28... Bf8 $5 {[%cal Ra6c5]}) 29. Nd2 Qxe4 30. Nxe4 Nb4 $1 31. R1d6 Rxd6 32. Rxd6 Kf7 33. a3 (33. Bd2 {is more complex.} Nxa2 34. Rxc6 Bf8 35. f3 Nb4 36. Rf6+) 33... Nc2 (33... Nd5 $11) 34. Rxc6 Nxe3 35. fxe3 {[%mdl 4096] Endgame KRB-KRN} Bf8 36. Rf6+ (36. Kf2 $16) 36... Ke7 $2 (36... Kg7 $11 {and Black has nothing to worry.}) 37. Rxg6 $18 Rc8 38. Nc3 (38. h5 $18) 38... Kf7 39. h5 Bxa3 40. Rxh6 Bxb2 41. Nb5 (41. Ne4 $16 {Nd6+ is the strong threat.} Rc2 42. Ng5+ (42. Rh7+ Ke6 $14) 42... Ke8 43. Re6+ Kd7 44. h6) 41... Rc1+ ({Black should try} 41... Rg8 $14) 42. Kf2 $16 a6 $2 {[%mdl 8192] This move loses the game for Black.} (42... Rc2+ $16 43. Kg3 Re2) 43. Nd6+ $18 Kg8 44. Rg6+ Kh7 (44... Kf8 $142 45. Ne4 b5 46. Rxa6 Rh1) 45. Ne4 {White threatens Nf6+ and mate.} Rc8 46. Rxb6 Bc1 47. Rxa6 {Black must now prevent g4.} Rc4 48. Ng5+ Kg8 49. h6 {[%cal Bh5h6,Bh6h7][%mdl 32] White wants to mate with Ra8+.} Rc8 {To avoid Ra8} 50. Rg6+ {White mates.} Kf8 51. h7 Ke7 52. Rg8 {Weighted Error Value: White=0.27 (precise) /Black=0.53} 1-0

[Event "Tatra Limba Master 2022"]
[Site "Poronin"]
[Date "2022.01.09"]
[Round "6.8"]
[White "Wysocki, Mateusz"]
[Black "Reichel, Lukasz"]
[Result "1/2-1/2"]
[WhiteElo "1848"]
[BlackElo "1748"]
[Annotator "NA RC"]
[PlyCount "66"]
[EventDate "2022.01.07"]
[EventType "swiss"]
[EventCountry "POL"]
[SourceTitle "playchess.com"]
[Source "ChessBase"]
[SourceQuality "1"]
[TimeControl "5400+30"]

1. e4 {[%emt 0:00:02]} c5 {[%emt 0:01:15]} 2. Nf3 {[%emt 0:00:40]} d6 {[%emt 0:00:05]} 3. d4 {[%emt 0:00:16]} cxd4 {[%emt 0:00:04]} 4. Nxd4 {[%emt 0:00:27]} Nf6 {[%emt 0:00:05]} 5. Nc3 {[%emt 0:00:08]} a6 {[%emt 0:00:05]} 6. Be3 {[%emt 0:00:22]} e5 {[%emt 0:00:06]} 7. Nb3 $11 {[%emt 0:00:05]} Be6 {[%emt 0:00:34]} 8. Qd2 {[%emt 0:00:09]} Nbd7 {[%emt 0:00:42]} 9. f3 {[%emt 0:01:15]} b5 {[%emt 0:00:40]} 10. O-O-O {[%emt 0:02:41]} Nb6 {[%emt 0:07:57]} 11. Kb1 {[%emt 0:10:08]} Nc4 {[%emt 0:22:40]} 12. Bxc4 {[%emt 0:01:07]} bxc4 {[%emt 0:00:01]} 13. Nc1 {[%emt 0:00:08]} Qa5 {[%emt 0:09:34]} 14. Nd5 {[%emt 0:12:17]} Qxd2 {[%emt 0:01:17]} 15. Nxf6+ {[%emt 0:00:26]} gxf6 {[%emt 0:03:00]} 16. Rxd2 {[%emt 0:00:28]} f5 {[%emt 0:03:38]} 17. exf5 {[%emt 0:00:21]} Bxf5 {[%emt 0:00:06]} 18. Ne2 {[%emt 0:00:14]} Be7 {[%emt 0:06:08]} 19. Nc3 {[%emt 0:02:23]} Be6 {[%emt 0:01:01]} 20. Nd5 {[%emt 0:04:46]} Bxd5 {[%emt 0:00:08]} 21. Rxd5 {[%emt 0:00:01]} Rg8 {[%emt 0:06:53]} 22. g3 {[%emt 0:02:32]} Kd7 {[%emt 0:04:28]} 23. b3 {[%emt 0:03:29]} cxb3 {[%emt 0:07:34]} 24. axb3 {[%emt 0:01:08]} Ke6 {[%emt 0:00:39]} 25. Rhd1 {[%emt 0:01:49]} f5 {[%emt 0:02:06]} 26. Bb6 {[%emt 0:05:11]} Rgc8 {[%emt 0:03:09]} 27. Kb2 {[%emt 0:07:56]} Rab8 {[%emt 0:01:33]} 28. Bf2 {[%emt 0:01:06]} Rb5 {[%emt 0:03:19]} 29. c4 {[%emt 0:03:32]} Rb7 {[%emt 0:02:55]} 30. Ka3 {[%emt 0:02:19]} Rcb8 {[%emt 0:02:05]} 31. R1d3 {[%emt 0:03:47]} Rc8 {[%emt 0:01:21]} 32. Ka4 {[%emt 0:03:51]} Rc6 {[%emt 0:00:26]} 33. Rd1 {[%emt 0:00:30]} Bf6 {[%emt 0:03:24]} 1/2-1/2

[Event "Tatra Limba Master 2022"]
[Site "Poronin"]
[Date "2022.01.09"]
[Round "6.9"]
[White "Mroz, Lena"]
[Black "Kozlowski, Franciszek"]
[Result "1-0"]
[WhiteElo "1835"]
[BlackElo "1523"]
[Annotator "NA RC"]
[PlyCount "47"]
[EventDate "2022.01.07"]
[EventType "swiss"]
[EventCountry "POL"]
[SourceTitle "playchess.com"]
[Source "ChessBase"]
[SourceQuality "1"]
[TimeControl "5400+30"]

1. e4 {[%emt 0:00:01]} e5 {[%emt 0:00:08]} 2. Nf3 {[%emt 0:00:09]} Nf6 {[%emt 0:00:03]} 3. d4 {[%emt 0:00:15]} Nxe4 {[%emt 0:02:29]} 4. Bd3 {[%emt 0:00:22]} d5 {[%emt 0:02:55]} 5. Nxe5 {[%emt 0:00:12]} Bd6 {[%emt 0:05:39]} 6. O-O {[%emt 0:01:13]} O-O {[%emt 0:07:30]} 7. c4 {[%emt 0:00:28]} c6 {[%emt 0:01:53]} 8. Nc3 {[%emt 0:00:30]} Bxe5 {[%emt 0:02:55]} 9. dxe5 {[%emt 0:10:16]} Nxc3 {[%emt 0:01:54]} 10. bxc3 {[%emt 0:02:10]} dxc4 {[%emt 0:01:15]} 11. Bxh7+ {[%emt 0:36:21]} Kxh7 {[%emt 0:00:48]} 12. Qh5+ {[%emt 0:00:01]} Kg8 {[%emt 0:00:11]} 13. Ba3 {[%emt 0:00:26]} c5 {[%emt 0:12:07]} 14. Bxc5 {[%emt 0:01:52]} Re8 {[%emt 0:00:26]} 15. Rad1 {[%emt 0:00:28]} Qa5 {[%emt 0:01:55]} 16. Bb4 {[%emt 0:08:13]} g6 {[%emt 0:07:54]} 17. Qg5 {[%emt 0:01:06]} Qb5 {[%emt 0:02:18]} 18. Be7 {[%emt 0:04:19]} Rxe7 {[%emt 0:09:26]} 19. Qxe7 {[%emt 0:01:41]} Nd7 {[%emt 0:06:39]} 20. e6 {[%emt 0:04:49]} fxe6 {[%emt 0:00:31]} 21. Qxe6+ {[%emt 0:00:08]} Kg7 {[%emt 0:00:59]} 22. Qe7+ {[%emt 0:00:50]} Kg8 {[%emt 0:00:49]} 23. Qe8+ {[%emt 0:03:00]} Kg7 {[%emt 0:00:11]} 24. Rfe1 {[%emt 0:00:07]} 1-0